Online
Catalog

Historia de La Caleta : (Record no. 282)

MARC details
000 -CABECERA
campo de control de longitud fija 01498nam a2200277 a 4500
001 - NÚMERO DE CONTROL
campo de control 000000282
003 - IDENTIFICADOR DEL NÚMERO DE CONTROL
campo de control DO-SdBNP
005 - FECHA Y HORA DE LA ÚLTIMA TRANSACCIÓN
campo de control 20211116121341.0
008 - DATOS DE LONGITUD FIJA--INFORMACIÓN GENERAL
campo de control de longitud fija 081112s2007 dr a 001 0 spa d
040 ## - FUENTE DE LA CATALOGACIÓN
Centro catalogador/agencia de origen DO-SdBNP
Lengua de catalogación spa
Centro/agencia transcriptor BNPHU
082 #4 - NÚMERO DE LA CLASIFICACIÓN DECIMAL DEWEY
Número de clasificación 972.9375
Número de documento/Ítem H626h
Número de edición 22
100 1# - ENTRADA PRINCIPAL--NOMBRE DE PERSONA
Nombre de persona Hichez Tellería, Julio César,
Fechas asociadas al nombre 1954-
9 (RLIN) 923
245 10 - MENCIÓN DE TÍTULO
Título Historia de La Caleta :
Resto del título el aeropuerto de las Américas y el arte de los paredones /
Mención de responsabilidad, etc. Julio César Hichez Tellería.
260 ## - PUBLICACIÓN, DISTRIBUCIÓN, ETC.
Lugar de publicación, distribución, etc. Santo Domingo :
Nombre del editor, distribuidor, etc. Impresora Soto Castillo,
Fecha de publicación, distribución, etc. 2007.
300 ## - DESCRIPCIÓN FÍSICA
Extensión 92 p. :
Otras características físicas il. ;
Dimensiones 22 cm.
500 ## - NOTA GENERAL
Nota general Incluye datos bibliográficos del autor en la solapa de la cubierta
505 2# - NOTA DE CONTENIDO CON FORMATO
Título Los orígenes de La Caleta --
-- Artes de los paredones y su controversia --
-- Aeropuerto internacional y otras obras --
-- Parque La Caleta y museo arqueológico --
-- Vida religiosa --
-- Los barrios y la administración --
-- Los servicios --
-- Ciudad cibernética --
-- La industria y comercio.
590 ## - NOTA LOCAL (RLIN)
Nota local Inventariado,2018/DG
651 #4 - PUNTO DE ACCESO ADICIONAL DE MATERIA--NOMBRE GEOGRÁFICO
Nombre geográfico Boca Chica (Distrito Nacional, República Dominicana)
Subdivisión general Historia local
9 (RLIN) 924
651 #4 - PUNTO DE ACCESO ADICIONAL DE MATERIA--NOMBRE GEOGRÁFICO
Nombre geográfico Aeropuertos
Subdivisión geográfica República Dominicana
Subdivisión general Historia
9 (RLIN) 925
651 #4 - PUNTO DE ACCESO ADICIONAL DE MATERIA--NOMBRE GEOGRÁFICO
Nombre geográfico Boca Chica (Distrito Nacional, República Dominicana)
Subdivisión general Vida social y costumbres
9 (RLIN) 926
651 ## - PUNTO DE ACCESO ADICIONAL DE MATERIA--NOMBRE GEOGRÁFICO
Nombre geográfico Boca Chica (Distrito Nacional, República Dominicana)
9 (RLIN) 927
Subdivisión general Obras públicas
651 #4 - PUNTO DE ACCESO ADICIONAL DE MATERIA--NOMBRE GEOGRÁFICO
Nombre geográfico Ciudades y pueblos
Subdivisión geográfica Boca Chica (Distrito Nacional, República Dominicana)
9 (RLIN) 928
910 ## - DATOS DE OPCIÓN DEL USUARIO (OCLC)
Datos de opción del usuario Validado. Control de calidad MFF
942 ## - ELEMENTOS DE PUNTO DE ACCESO ADICIONAL (KOHA)
Fuente del sistema de clasificación o colocación Dewey Decimal Classification
Tipo de ítem Koha Libro
Holdings
Estado de retiro Estado de pérdida Restricciones de uso No para préstamo Código de colección Localización permanente Ubicación/localización actual Ubicación en estantería Fecha de adquisición Número de inventario Total de préstamos Signatura topográfica completa Código de barras Fecha visto por última vez Número de copia Precio válido a partir de Tipo de ítem Koha Fuente de adquisición
    Préstamo interno Préstamo restrigido Patrimonio Dominicano Biblioteca Nacional Pedro Henríquez Ureña Biblioteca Nacional Pedro Henríquez Ureña Depósito 21.07.2009 LF1   972.9375 H626h 282-30 25.06.2020 e. 3 25.06.2020 Libros y folletos  
      Préstamo restrigido Patrimonio Dominicano Biblioteca Nacional Pedro Henríquez Ureña Biblioteca Nacional Pedro Henríquez Ureña Depósito 24.06.2009 LF1   972.9375 H626h 282-10 25.06.2020   25.06.2020 Libros y folletos 000789
      Préstamo restrigido Patrimonio Dominicano Biblioteca Nacional Pedro Henríquez Ureña Biblioteca Nacional Pedro Henríquez Ureña Depósito 24.06.2009 LF1   972.9375 H626h 282-20 25.06.2020 e. 2 25.06.2020 Libros y folletos 000790

Powered by Koha